20 năm đổi mới cơ chế chính sách thương mại Việt Nam : những thành tựu và bài học kinh nghiệm : sách chuyên khảo

Đã lưu trong:
Sonraí Bibleagrafaíochta
Príomhúdar: Lê Danh Vĩnh
Formáid: Leabhar
Teanga:Vietnamese
Foilsithe: Thế giới 2006
Clibeanna: Cuir Clib Leis
Gan Chlibeanna, Bí ar an gcéad duine leis an taifead seo a chlibeáil!
Thư viện lưu trữ: Mạng thư viện Đại học Đà Nẵng
LEADER 00733nam a2200253 4500
001 000020738
003 17185
005 20150326090328.0
008 150326s2006 viesd
020 |c 48000 
041 0 |a vie 
082 1 4 |a 381.309597  |b LÊ-V 
100 1 |a Lê Danh Vĩnh 
245 1 0 |a 20 năm đổi mới cơ chế chính sách thương mại Việt Nam : những thành tựu và bài học kinh nghiệm : sách chuyên khảo  |c Lê Danh Vĩnh. 
260 |b Thế giới  |c 2006 
300 |a tr.  |c cm. 
OWN |a LSP 
999 |a From the UDN01 
TYP |a Monograph 
TYP |a Printed language 
980 |a Mạng thư viện Đại học Đà Nẵng